000 03124cjm a2200709 i 4500
001 data
005 20260322212123.0
007 data
008 data
035 _a19700535
906 _a7
_bcbc
_ccopycat
_d2
_encip
_f20
_gy-soundrec
925 0 _aacquire
_b2 shelf copies
_xpolicy default
010 _a 2017624379
024 1 _a081227952372
028 0 2 _aR2 551257
_bRhino Entertainment Company
035 _a(OCoLC)913346801
040 _aBTCTA
_beng
_erda
_cBTCTA
_dDLC
_dAPL
_dCNEDM
_dOCLCO
_dVP@
_dGL7
_dOCLCF
_dPFLCL
_dDLC
042 _alccopycat
047 _arc
_app
_arc
050 0 0 _aSDC 85195
245 0 0 _aJust one look /
_cLinda Ronstadt.
246 3 8 _aClassic Linda Ronstadt :
_bjust one look
246 1 _iPre-publication subtitle:
_aVery best of Linda Ronstadt.
264 1 _aBurbank, CA :
_bRhino Entertainment Company,
_c[2015]
264 4 _c℗2015
300 _a2 audio discs ;
_c4 3/4 in.
336 _aperformed music
_bprm
_2rdacontent
337 _aaudio
_bs
_2rdamedia
338 _aaudio disc
_bsd
_2rdacarrier
340 _b4 3/4 in.
344 _adigital
_boptical
_c1.4 m/s
_2rda
347 _aaudio file
_bCD audio
_2rda
500 _aTitle from disc labels.
500 _aAll selections previously released, 1967-1993.
500 _a2015 remastered versions.
500 _aFull credits on container insert.
505 0 0 _gdisc 1.
_tI never will marry --
_r(the Stone Poneys) --
_tLove has no pride --
_tDesperado --
_tWilling --
_tI can't help it (if I'm still in love with you) --
_tYou're no good --
_tTracks of my tears --
_tHeat wave --
_tSomeone to lay down beside me --
_tCrazy --
_tBlue bayou --
_tPoor poor pitiful me --
_tIt's so easy --
_tTumbling dice --
_tI never will marry --
505 0 0 _gdisc 2.
_tAnyone who had a heart.
_tHow do I make you --
_tHurt so bad --
_tI can't let go --
_tGet closer --
_tI knew you when --
_tSometimes you just can't win --
_tLies --
_tTell him --
_tWhen something is wrong with my baby
_r(featuring Aaron Neville) --
_tDon't know much
_r(featuring Aaron Neville) --
_tWinter light --
_tA river for him --
_tHeartbeats accelerating --
_tAnyone who had a heart.
511 0 _aPerformed by Linda Ronstadt ; with accompanying ensembles and musicians.
650 0 _aPopular music.
650 0 _aCountry music.
650 0 _aRock music.
650 7 _aCountry music.
_2fast
_0(OCoLC)fst00881424
650 7 _aPopular music.
_2fast
_0(OCoLC)fst01071422
650 7 _aRock music.
_2fast
_0(OCoLC)fst01099204
650 4 _aCountry music.
650 4 _aPopular music.
650 4 _aRock music.
655 7 _aCountry music.
_2lcgft
655 7 _aPopular music.
_2lcgft
655 7 _aRock music.
_2lcgft
655 7 _aCountry music.
_2fast
_0(OCoLC)fst01726574
655 7 _aPopular music.
_2fast
_0(OCoLC)fst01726706
655 7 _aRock music.
_2fast
_0(OCoLC)fst01726724
655 4 _aCountry music.
655 4 _aPopular music.
655 4 _aRock music.
700 1 _aRonstadt, Linda,
_eperformer.
700 1 _aNeville, Aaron,
_d1941-
_eperformer.
710 2 _aStone Poneys (Musical group),
_eperformer.
999 _c1884
_d1884